000 00489nam a2200157 a 4500
005 20140412111250.0
008 030411s19uu xx 00 eng d
020 _a0-7214-3238-7
050 _aTR(GS 428
_bH623 1991
100 _aHiatt, Kay
245 _aMore fun with English. /
_cby Kat Hiatt ; illustrated by Claire James.
260 _aLeicestershire, UK :
_bLadybirds Books Ltd,
_c1991.
300 _a24 p. ; ill.
650 _aEnglish language--Study and teaching
999 _c103086
_d103086